World Development Report 2005 (Record no. 14232)

000 -LEADER
fixed length control field 02819cam a22002774a 4500
020 ## - INTERNATIONAL STANDARD BOOK NUMBER
ISBN 0821356828
040 ## - CATALOGING SOURCE
Transcribing agency a
082 ## - DEWEY DECIMAL CLASSIFICATION NUMBER
Classification number 338 THE 2004 A065 Or.
110 2# - MAIN ENTRY--CORPORATE NAME
Corporate name or jurisdiction name as entry element World Bank.
245 10 - TITLE STATEMENT
Title World Development Report 2005
Remainder of title A Better Investment Climate for Everyone.
260 ## - PUBLICATION, DISTRIBUTION, ETC. (IMPRINT)
Place of publication Washington, D.C. :
Name of publisher The World Bank,
Year of publication 2004.
300 ## - PHYSICAL DESCRIPTION
Number of Pages 1 online resource (288 p.)
490 1# - SERIES STATEMENT
Series statement World Development Report
520 3# - SUMMARY, ETC.
Summary, etc Firms and entrepreneurs of all types-from microenterprises to multinationals-play a central role in growth and poverty reduction. Their investment decisions drive job creation, the availability and affordability of goods and services for consumers, and the tax revenues governments can draw on to fund health, education, and other services. Their contribution depends largely on the way governments shape the investment climate in each location-through the protection of property rights, regulation and taxation, strategies for providing infrastructure, interventions in finance and labor markets, and broader governance features such as corruption. The World Development Report 2005 argues that improving the investment climates of their societies should be a top priority for governments. Drawing on surveys of nearly 30,000 firms in 53 developing countries, country case studies, and other new research, the Report explores questions such as: What are the key features of a good investment climate, and how do they influence growth and poverty? What can governments do to improve their investment climates, and how can they go about tackling such a broad agenda? What has been learned about good practice in each of the main areas of the investment climate? What role might selective interventions and international arrangements play in improving the investment climate? What can the international community do to help developing countries improve the investment climates of their societies? In addition to detailed chapters exploring these and related issues, the Report contains selected data from the World Bank's new program of Investment Climate Surveys, the Bank's Doing Business Project, and World Development Indicators 2004-an appendix of economic and social data for over 200 countries. This Report offers practical insights for policymakers, executives, scholars, and all those with an interest in economic development.
650 #4 - SUBJECT ADDED ENTRY--TOPICAL TERM
Topical Term Debt Markets.
650 #4 - SUBJECT ADDED ENTRY--TOPICAL TERM
Topical Term Economic Theory and Research.
650 #4 - SUBJECT ADDED ENTRY--TOPICAL TERM
Topical Term Emerging Markets.
650 #4 - SUBJECT ADDED ENTRY--TOPICAL TERM
Topical Term Finance and Financial Sector Development.
650 #4 - SUBJECT ADDED ENTRY--TOPICAL TERM
Topical Term Financial Literacy.
650 #4 - SUBJECT ADDED ENTRY--TOPICAL TERM
Topical Term Investment and Investment Climate.
650 #4 - SUBJECT ADDED ENTRY--TOPICAL TERM
Topical Term Macroeconomics and Economic Growth.
650 #4 - SUBJECT ADDED ENTRY--TOPICAL TERM
Topical Term Private Sector Development.
710 2# - ADDED ENTRY--CORPORATE NAME
Corporate name or jurisdiction name as entry element World Bank.
856 40 - ELECTRONIC LOCATION AND ACCESS
Uniform Resource Identifier http://elibrary.worldbank.org/content/book/9780821356821
942 ## - ADDED ENTRY ELEMENTS (KOHA)
Koha item type សៀវភៅភាសាអង់គ្លេស
952 ## - LOCATION AND ITEM INFORMATION (KOHA)
Withdrawn status [LOCAL, KOHA] 0
Holdings
Permanent Location Date acquired Koha item type Lost status Shelving location Barcode Current Location Full call number
Library Block A2017-10-10សៀវភៅភាសាអង់គ្លេស A065A22385Library Block A338 THE 2004 A065 Or.
មជ្ឈមណ្ឌលឯការនៃសាកលវិទ្យាល័យភូមិន្ទកសិកម្មចំការដូង

Powered by Koha